| 000 | 00725nam a2200181 i 4500 | ||
|---|---|---|---|
| 001 | 181030 | ||
| 003 | ES-MaACL | ||
| 005 | 20250718184454.0 | ||
| 008 | 121003s1889 fr |||| | fre d | ||
| 100 | 1 |
_aFernández Duro, Cesáreo, _d1830-1908 _949752 |
|
| 245 | 1 | 2 |
_aL'étendand de la Sainte Ligue, à la bataille de Lépante / _c[C. Fernández Duro]. |
| 260 |
_a[S.l. : _bs.n., _c1889?] |
||
| 300 |
_a4 p., [3] h. de lám. crom. lit. ; _c28 p. |
||
| 595 | _aExtrait de la Revue de l'Art Chrétien, 1889.- 4me livraison. | ||
| 650 |
_aBatalla de Lepanto, 1571. _9171486 |
||
| 852 |
_aES-MaACL _jT-516-F-11 _z.- Dedicatoria manuscrita de Rafael Monleon a la biblioteca del Ateneo |
||
| 999 |
_c181030 _d181030 |
||